AIRCRAFT FINANCE STRATEGIES FOR MANAGING (Record no. 23202)

MARC details
000 -LEADER
fixed length control field 00351nam a2200133Ia 4500
008 - FIXED-LENGTH DATA ELEMENTS--GENERAL INFORMATION
fixed length control field 240624s9999 xx 000 0 und d
041 ## - LANGUAGE CODE
Language code of text/sound track or separate title eng
082 ## - DEWEY DECIMAL CLASSIFICATION NUMBER
Classification number 387.7 VAS
100 ## - MAIN ENTRY--PERSONAL NAME
Personal name VASIGH BIJAN
245 ## - TITLE STATEMENT
Title AIRCRAFT FINANCE STRATEGIES FOR MANAGING
260 ## - PUBLICATION, DISTRIBUTION, ETC.
Date of publication, distribution, etc. 2012
Place of publication, distribution, etc. USA
Name of publisher, distributor, etc. J Ross Publishing
300 ## - PHYSICAL DESCRIPTION
Extent xxiii, : 384 : p. : cm. ; 23
365 ## - TRADE PRICE
Currency code
Price amount 25
Holdings
Withdrawn status Lost status Damaged status Not for loan Home library Current library Shelving location Date acquired Source of acquisition Cost, normal purchase price Total Checkouts Total Renewals Full call number Barcode Date last seen Date last checked out Copy number Price effective from Koha item type
        IMTN IMTN Rack 15-B 09/29/2014 RW 89.95 4 6 387.7 VAS 23202 11/04/2025 09/08/2025 64.2 06/24/2024 Books
Designed & Maintained by: LRC IMT Nagpur Contact: lrc@imtnag.ac.in© 2024. All Rights Reserved.